000
00241nam a2200097Ia 4500
008
240625s9999 xx 000 0 und d
041
_a
eng
082
_a
808.20 SHA
100
_a
SHARMA SURBHI
245
_a
DEALER AND VENDOR PAYMENTS A STUDY WITH
999
_c
37690
_d
37690